[Event "Admiral Niels Juel Cup 2013"]
[Site "Koge"]
[Date "2013.04.26"]
[Round "8"]
[White "Bjorn, Steen"]
[Black "Anghel, Mihai Ursta"]
[Result "1-0"]
[WhiteElo "1608"]
[BlackElo "1643"]
[PlyCount "37"]
[EventDate "2013.??.??"]
[EventCountry "DEN"]


1. c4 e5 2. Nc3 f5 3. e3 Nc6 4. b3 Bb4 5. Bb2 Nf6 6. Bd3 d6 7. Nge2 O-O 8. O-O
Bxc3 9. Bxc3 Qe8 10. Ng3 f4 11. Ne4 f3 12. Qxf3 Kh8 13. Nxf6 Rxf6 14. Qg3 Rh6
15. f4 Bd7 16. fxe5 dxe5 17. Rf2 Qe7 18. Raf1 Rf6 19. Qh4 1-0

[Event "Admiral Niels Juel Cup 2013"]
[Site "Koge"]
[Date "2013.04.26"]
[Round "8"]
[White "Dupovac, Faruk"]
[Black "Brondum, Jan Kraul"]
[Result "0-1"]
[WhiteElo "1377"]
[BlackElo "1585"]
[PlyCount "62"]
[EventDate "2013.??.??"]
[EventCountry "DEN"]


1. e4 e5 2. Bc4 Nf6 3. Nc3 Bc5 4. Na4 Be7 5. d3 a6 6. Nc3 b5 7. Bb3 d6 8. f4
Nc6 9. Nf3 Bg4 10. O-O Nd4 11. h3 Nxf3+ 12. gxf3 Bxh3 13. Rf2 c6 14. fxe5 dxe5
15. Be3 Qc7 16. Rh2 Bd7 17. Kf2 a5 18. a4 b4 19. Ne2 g6 20. Qh1 h5 21. d4 exd4
22. Bxd4 c5 23. Be3 Bd6 24. Rg2 h4 25. Bg5 Bg3+ 26. Ke3 Nh5 27. Bd5 Ra6 28.
Rag1 c4 29. Nxg3 Qc5+ 30. Ke2 hxg3 31. Bf6 Nf4+ 0-1

[Event "Admiral Niels Juel Cup 2013"]
[Site "Koge"]
[Date "2013.04.26"]
[Round "8"]
[White "Schmidt, Horst Hubert"]
[Black "Petersen, Henry"]
[Result "1-0"]
[WhiteElo "1841"]
[BlackElo "1159"]
[PlyCount "45"]
[EventDate "2013.??.??"]
[EventCountry "DEN"]


1. e4 e5 2. Nf3 Nc6 3. Nc3 Nf6 4. a3 a6 5. d3 d6 6. Bg5 Be7 7. h3 Be6 8. Be2
Qd7 9. Qd2 h6 10. Be3 O-O-O 11. b4 g5 12. b5 Nb8 13. d4 exd4 14. Nxd4 a5 15. f3
b6 16. Na4 Rdg8 17. Qc3 Qe8 18. Nxb6+ Kb7 19. Na4 Bd7 20. Qxa5 h5 21. b6 Bxa4
22. Qa7+ Kc8 23. Qxc7# 1-0

[Event "Admiral Niels Juel Cup 2013"]
[Site "Koge"]
[Date "2013.04.26"]
[Round "9"]
[White "Solodovnichenko, Yuri"]
[Black "Danin, Alexandre"]
[Result "1-0"]
[WhiteElo "2543"]
[BlackElo "2575"]
[PlyCount "65"]
[EventDate "2013.??.??"]
[EventCountry "DEN"]


1. e4 d5 2. exd5 Nf6 3. Nf3 Nxd5 4. d4 g6 5. c4 Nb6 6. Nc3 Bg7 7. Be3 O-O 8.
Be2 Bg4 9. Qb3 Nc6 10. O-O-O Bxf3 11. gxf3 e6 12. h4 a5 13. d5 exd5 14. cxd5 a4
15. Qb5 Na7 16. Qb4 a3 17. h5 axb2+ 18. Kb1 c5 19. Bxc5 Nac8 20. hxg6 fxg6 21.
Bxf8 Bxf8 22. d6 Nxd6 23. Ne4 Nbc8 24. Bc4+ Kh8 25. Qc3+ Bg7 26. Rxh7+ Kxh7 27.
Rh1+ Bh6 28. Nf6+ Kg7 29. Ng4+ Kf8 30. Qh8+ Ke7 31. Qh7+ Ke8 32. Re1+ Ne7 33.
Nf6+ 1-0

[Event "Admiral Niels Juel Cup 2013"]
[Site "Koge"]
[Date "2013.04.26"]
[Round "9"]
[White "Burmakin, Vladimir"]
[Black "Ulibin, Mikhail"]
[Result "0-1"]
[WhiteElo "2580"]
[BlackElo "2521"]
[PlyCount "114"]
[EventDate "2013.??.??"]
[EventCountry "DEN"]


1. d4 d5 2. Nf3 c5 3. e3 cxd4 4. exd4 Nc6 5. c3 Qc7 6. Qb3 e6 7. Bd3 Bd6 8. Bg5
f6 9. Bh4 Nge7 10. Nbd2 Bd7 11. Nf1 O-O-O 12. Ne3 Be8 13. Bg3 Bg6 14. O-O-O Kb8
15. Rhe1 Rhe8 16. Kb1 Bh5 17. Be2 Nf5 18. Nf1 Bg6 19. Ka1 Na5 20. Qa4 Nxg3 21.
hxg3 a6 22. Bd3 Bxd3 23. Rxd3 b5 24. Qd1 Re7 25. N1d2 Nc4 26. Nxc4 bxc4 27.
Rde3 Rde8 28. Qa4 Ka7 29. b3 cxb3 30. axb3 Rb8 31. Kb2 Rb6 32. Rd3 Qc4 33. Qxc4
dxc4 34. Rde3 Rxb3+ 35. Kc2 Reb7 36. Ra1 Rb2+ 37. Kd1 Rxf2 38. Rxe6 Rb6 39. Nd2
Rxg2 40. Nxc4 Rg1+ 41. Kc2 Rxa1 42. Nxb6 Bxg3 43. Nd5 Re1 44. Rc6 h5 45. Rc8 h4
46. Rh8 a5 47. Rh7 Ka6 48. c4 Re4 49. Kd3 Rg4 50. Ne3 Rg5 51. Ng2 Bf2 52. Nxh4
Rg3+ 53. Ke2 Bxd4 54. Nf5 Rg2+ 55. Kf3 Rf2+ 56. Ke4 Be5 57. Rxg7 Rf4+ 0-1

[Event "Admiral Niels Juel Cup 2013"]
[Site "Koge"]
[Date "2013.04.26"]
[Round "9"]
[White "Gleizerov, Evgeny"]
[Black "Pavlovic, Milos"]
[Result "1/2-1/2"]
[WhiteElo "2546"]
[BlackElo "2509"]
[PlyCount "31"]
[EventDate "2013.??.??"]
[EventCountry "DEN"]


1. d4 Nf6 2. c4 g6 3. Nc3 Bg7 4. e4 d6 5. Nf3 O-O 6. Be2 c5 7. O-O Re8 8. d5 e6
9. dxe6 Bxe6 10. Bf4 Qb6 11. Qb3 Nc6 12. Qxb6 axb6 13. Nb5 Red8 14. Nc7 Rac8
15. Nd5 Nxe4 16. Nxb6 1/2-1/2

[Event "Admiral Niels Juel Cup 2013"]
[Site "Koge"]
[Date "2013.04.26"]
[Round "9"]
[White "Rishubh Naresh, Naik"]
[Black "Sokolov, Ivan"]
[Result "0-1"]
[WhiteElo "1942"]
[BlackElo "2643"]
[PlyCount "76"]
[EventDate "2013.??.??"]
[EventCountry "DEN"]


1. d4 Nf6 2. Nf3 g6 3. Nc3 d5 4. Bf4 Bg7 5. e3 Nh5 6. Bg5 c5 7. Be2 Nc6 8. O-O
h6 9. Bh4 g5 10. Ne5 cxd4 11. Bxh5 Bxe5 12. exd4 Bxd4 13. Bg3 Be6 14. Nb5 Bb6
15. Qe2 Qd7 16. c4 O-O 17. Rfd1 d4 18. h4 Bf5 19. hxg5 hxg5 20. Qd2 f6 21. b4
a6 22. Na3 e5 23. c5 Bc7 24. Be2 Qh7 25. Nc4 Kg7 26. f3 Rh8 27. Nd6 Bxd6 28.
cxd6 Rad8 29. a4 d3 30. Bf1 Rxd6 31. b5 axb5 32. axb5 Nd4 33. Rac1 Rd7 34. Qe3
Nc2 35. Qc5 Nd4 36. Qc4 e4 37. fxe4 Bxe4 38. Rd2 Nf3+ 0-1

[Event "Admiral Niels Juel Cup 2013"]
[Site "Koge"]
[Date "2013.04.26"]
[Round "9"]
[White "Epishin, Vladimir"]
[Black "Narciso Dublan, Marc"]
[Result "1-0"]
[WhiteElo "2612"]
[BlackElo "2551"]
[PlyCount "81"]
[EventDate "2013.??.??"]
[EventCountry "DEN"]


1. d4 e6 2. c4 f5 3. e3 Nf6 4. Nc3 Bb4 5. Nge2 O-O 6. g3 d5 7. Bg2 c6 8. O-O
Qe7 9. b3 b6 10. Qc2 Ba6 11. a3 Bd6 12. Qa2 Nbd7 13. a4 Ne4 14. Rd1 Ndf6 15. f3
Nxc3 16. Nxc3 Bb4 17. Bd2 Rac8 18. Rac1 Rfd8 19. f4 c5 20. Nb5 Bxd2 21. Qxd2
Rd7 22. Qb2 Rcd8 23. dxc5 bxc5 24. cxd5 Nxd5 25. Qe5 Bxb5 26. axb5 Qf6 27. Qxf6
Nxf6 28. Rxd7 Rxd7 29. Bf1 Ne4 30. Bc4 Kf7 31. Ra1 g5 32. g4 Kf6 33. fxg5+ Nxg5
34. gxf5 Rd2 35. Kf1 Rxh2 36. Rxa7 Ne4 37. fxe6 Nd2+ 38. Ke1 Nxc4 39. bxc4 Rc2
40. e7 Kf7 41. b6 1-0

[Event "Admiral Niels Juel Cup 2013"]
[Site "Koge"]
[Date "2013.04.26"]
[Round "9"]
[White "Satyapragyan, Swayangsu"]
[Black "Roy Chowdhury, Saptarshi"]
[Result "1/2-1/2"]
[WhiteElo "2463"]
[BlackElo "2471"]
[PlyCount "21"]
[EventDate "2013.??.??"]
[EventCountry "DEN"]


1. e4 e5 2. Nf3 Nc6 3. Bc4 Bc5 4. c3 Nf6 5. d4 exd4 6. cxd4 Bb4+ 7. Bd2 Bxd2+
8. Nbxd2 d5 9. exd5 Nxd5 10. Qb3 Nce7 11. O-O 1/2-1/2

[Event "Admiral Niels Juel Cup 2013"]
[Site "Koge"]
[Date "2013.04.26"]
[Round "9"]
[White "Sharma, Dinesh K"]
[Black "Rozentalis, Eduardas"]
[Result "0-1"]
[WhiteElo "2371"]
[BlackElo "2631"]
[PlyCount "114"]
[EventDate "2013.??.??"]
[EventCountry "DEN"]


1. d4 Nf6 2. Nf3 d6 3. g3 g6 4. Bg2 Bg7 5. O-O O-O 6. Nc3 Bg4 7. h3 Bxf3 8.
Bxf3 c6 9. e4 Nbd7 10. Be3 Qc7 11. Qd2 b5 12. Bg2 b4 13. Ne2 Rab8 14. Rfc1 e5
15. c3 b3 16. Qd1 bxa2 17. Rxa2 a5 18. Rca1 Rfe8 19. Qc2 Qb7 20. Bc1 d5 21.
exd5 Nxd5 22. Rxa5 exd4 23. cxd4 Qb4 24. Bf1 Qd6 25. Qd1 h5 26. Nc3 N7b6 27.
Nxd5 Nxd5 28. Bg2 Qb4 29. Bd2 Qxd4 30. R5a2 Rxb2 31. Rxb2 Qxb2 32. Rc1 Bd4 33.
Rxc6 Bxf2+ 34. Kh1 Ne3 35. Bxe3 Rxe3 36. Rc2 Qf6 37. Re2 Rxe2 38. Qxe2 Bxg3 39.
Qf3 Bf4 40. Bf1 Kg7 41. Kg2 Qg5+ 42. Kh1 Be3 43. Qg2 Qf4 44. Be2 Bd4 45. Qf3
Qg5 46. Qg2 Qe3 47. Qf1 f5 48. Kg2 Kh6 49. Bf3 g5 50. Qa6+ Bb6 51. Qf1 Qd4 52.
Qd1 g4 53. hxg4 hxg4 54. Qc1+ Kh5 55. Bc6 Qf2+ 56. Kh1 Qh4+ 57. Kg2 Qh3# 0-1

[Event "Admiral Niels Juel Cup 2013"]
[Site "Koge"]
[Date "2013.04.26"]
[Round "9"]
[White "Stojanovski, Sandi"]
[Black "Strange, Mikkel"]
[Result "0-1"]
[WhiteElo "2260"]
[BlackElo "2335"]
[PlyCount "160"]
[EventDate "2013.??.??"]
[EventCountry "DEN"]


1. d4 d5 2. c4 e6 3. Nc3 c5 4. e3 Nf6 5. Nf3 a6 6. a3 dxc4 7. Bxc4 b5 8. Bd3
Bb7 9. dxc5 Bxc5 10. O-O O-O 11. Qe2 Nbd7 12. e4 Qc7 13. Be3 Bxe3 14. Qxe3 Ng4
15. Qe2 Nde5 16. Nxe5 Nxe5 17. Rad1 Rad8 18. Qe3 h6 19. Be2 Qc6 20. Rd4 f5 21.
Rfd1 f4 22. Qd2 Rxd4 23. Qxd4 Nf7 24. Bh5 Ng5 25. f3 Nf7 26. Bxf7+ Rxf7 27. Ne2
Qc7 28. Qd8+ Qxd8 29. Rxd8+ Kh7 30. Rd6 Bc8 31. Kf2 g5 32. Rc6 Rf8 33. Nd4 Rd8
34. Ke2 Rxd4 35. Rxc8 b4 36. a4 b3 37. a5 Ra4 38. Rb8 Rxa5 39. Rxb3 Kg6 40. Ra3
Rb5 41. b3 Rb6 42. Kd3 Kf6 43. Kc3 Rc6+ 44. Kd3 h5 45. h3 Rd6+ 46. Kc3 g4 47.
hxg4 hxg4 48. Ra5 Rc6+ 49. Kd3 g3 50. b4 Ke7 51. b5 axb5 52. Rxb5 Ra6 53. Rb2
Ra3+ 54. Kd2 Kf6 55. Ke2 Ke5 56. Rd2 Ra1 57. Rd1 Ra2+ 58. Kf1 Rb2 59. Kg1 Rf2
60. Rd8 Kf6 61. Rd1 Kg5 62. Ra1 Rd2 63. Kf1 Kf6 64. Re1 Ke5 65. Ra1 Kd4 66. Rb1
Kd3 67. Ra1 Kc2 68. Ke1 Rd8 69. Ra2+ Kc3 70. Ra3+ Kc4 71. Ra6 Rh8 72. Rxe6 Rh1+
73. Ke2 Rg1 74. Rf6 Rxg2+ 75. Ke1 Kd3 76. Kf1 Rf2+ 77. Kg1 Ke3 78. e5 Kxf3 79.
Ra6 Re2 80. Ra3+ Re3 0-1

[Event "Admiral Niels Juel Cup 2013"]
[Site "Koge"]
[Date "2013.04.26"]
[Round "9"]
[White "Prosviriakov, Vladimir"]
[Black "Shaikh, Mohammad Nubairshah"]
[Result "1/2-1/2"]
[WhiteElo "2304"]
[BlackElo "2166"]
[PlyCount "25"]
[EventDate "2013.??.??"]
[EventCountry "DEN"]


1. e4 c6 2. Nf3 d5 3. exd5 cxd5 4. Ne5 Nf6 5. d4 Nc6 6. c3 Bf5 7. Bb5 Rc8 8.
O-O e6 9. Re1 Nd7 10. Qf3 Ndxe5 11. dxe5 Be7 12. Qg3 O-O 13. Be3 1/2-1/2

[Event "Admiral Niels Juel Cup 2013"]
[Site "Koge"]
[Date "2013.04.26"]
[Round "9"]
[White "Arjun, Bharat"]
[Black "Bruun, Henrik Emil"]
[Result "1-0"]
[WhiteElo "2281"]
[BlackElo "2085"]
[PlyCount "47"]
[EventDate "2013.??.??"]
[EventCountry "DEN"]


1. d4 Nf6 2. c4 g6 3. Nc3 Bg7 4. e4 d6 5. Nf3 O-O 6. Be2 c5 7. d5 a6 8. O-O Bg4
9. Be3 Bxf3 10. Bxf3 Nbd7 11. Be2 Ne8 12. Qd2 e5 13. Rfb1 f5 14. f3 f4 15. Bf2
Bf6 16. Qe1 Qb8 17. b4 Qc7 18. a4 Ng7 19. a5 Rfc8 20. Na4 b5 21. cxb5 axb5 22.
Bxb5 cxb4 23. Bxd7 Qxd7 24. Nb6 1-0

[Event "Admiral Niels Juel Cup 2013"]
[Site "Koge"]
[Date "2013.04.26"]
[Round "9"]
[White "Kokholm, Daniel"]
[Black "Rosenkilde, Alexander"]
[Result "0-1"]
[WhiteElo "1937"]
[BlackElo "2247"]
[PlyCount "52"]
[EventDate "2013.??.??"]
[EventCountry "DEN"]


1. d4 Nf6 2. Nc3 d5 3. e4 dxe4 4. f3 exf3 5. Nxf3 c6 6. Bc4 Bf5 7. O-O e6 8. h3
Be7 9. Qe2 O-O 10. g4 Bg6 11. Be3 Nd5 12. Bb3 Nd7 13. Rae1 Qc7 14. Qf2 Nxe3 15.
Rxe3 Nf6 16. Ne5 Rad8 17. Nxg6 hxg6 18. Ne2 c5 19. c3 cxd4 20. cxd4 Bd6 21. Nc3
Qa5 22. Rf3 Bc7 23. Rxf6 gxf6 24. Qxf6 Bb6 25. Ne2 Qd2 26. Bxe6 Qe3+ 0-1

[Event "Admiral Niels Juel Cup 2013"]
[Site "Koge"]
[Date "2013.04.26"]
[Round "9"]
[White "Grove, Michael"]
[Black "Dambrauskas, Virginijus"]
[Result "0-1"]
[WhiteElo "2015"]
[BlackElo "2315"]
[PlyCount "148"]
[EventDate "2013.??.??"]
[EventCountry "DEN"]


1. e4 c5 2. Nf3 e6 3. d4 cxd4 4. Nxd4 a6 5. Bd3 b5 6. O-O Bb7 7. Be3 Nf6 8. Nd2
Be7 9. f4 d6 10. Qf3 Nbd7 11. Rae1 Qc7 12. Qg3 g6 13. Bf2 e5 14. Ne2 O-O 15.
fxe5 dxe5 16. Be3 Bc5 17. Nc3 Nh5 18. Qf2 Nf4 19. Nb3 Bxe3 20. Qxe3 Qb6 21.
Qxb6 Nxb6 22. Na5 Ra7 23. Ne2 Ne6 24. Nc3 Rd8 25. Nxb7 Rxb7 26. Nd5 Kg7 27. Rf2
Nc7 28. Ne3 Ne8 29. b3 Rc7 30. a4 bxa4 31. bxa4 Nxa4 32. Nd5 Ra7 33. Ra1 Nc5
34. Ra5 Nxd3 35. cxd3 Rd6 36. Rc2 Rb7 37. Ra3 Ra7 38. Kf2 Nf6 39. Ne3 Nd7 40.
Nd5 Nb6 41. Nc7 Rd8 42. Nb5 Rb7 43. Rc7 Rxc7 44. Nxc7 a5 45. Rxa5 Rxd3 46. Rxe5
Rd2+ 47. Kf3 Nc4 48. Rc5 Nb2 49. Rd5 Rc2 50. Ne8+ Kf8 51. Nf6 h5 52. Rb5 Nc4
53. h4 Rc1 54. Rb8+ Ke7 55. Nd5+ Kd6 56. Rd8+ Ke5 57. Re8+ Kd4 58. Kf4 Rf1+ 59.
Kg5 Nd6 60. Rd8 Nxe4+ 61. Kh6 Ke5 62. Ne3 Rf4 63. Rd7 Ke6 64. Re7+ Kxe7 65.
Nd5+ Ke6 66. Nxf4+ Kf5 67. Nd3 Nd6 68. Kg7 Kg4 69. Kf6 Kxh4 70. Ke7 Kg3 71. Ne1
Kf2 72. Nf3 Kxg2 73. Ng5 h4 74. Kxd6 h3 0-1

[Event "Admiral Niels Juel Cup 2013"]
[Site "Koge"]
[Date "2013.04.26"]
[Round "9"]
[White "Nielsen, Michael(1983)"]
[Black "Vovk, Oksana"]
[Result "1-0"]
[WhiteElo "2176"]
[BlackElo "2133"]
[PlyCount "77"]
[EventDate "2013.??.??"]
[EventCountry "DEN"]


1. c4 Nf6 2. g3 e6 3. Bg2 d5 4. Nf3 Be7 5. O-O O-O 6. b3 c5 7. Bb2 Nc6 8. e3 d4
9. exd4 cxd4 10. Re1 Ne8 11. Ne5 Nxe5 12. Rxe5 f6 13. Re1 e5 14. d3 Rb8 15. Ba3
Bxa3 16. Nxa3 Qd6 17. Nb5 Qc5 18. Qd2 a6 19. b4 Qe7 20. Nxd4 Qd6 21. Nb3 Bf5
22. Rad1 Nc7 23. Qc3 Rfc8 24. c5 Qf8 25. d4 exd4 26. Nxd4 Bg6 27. Ne6 Nxe6 28.
Rxe6 Bf7 29. Red6 Bxa2 30. Rd7 Rd8 31. Bxb7 Rxd7 32. Rxd7 Qe8 33. c6 Be6 34.
Rd1 Qe7 35. Re1 Kf7 36. c7 Rxb7 37. c8=Q Rxb4 38. Qxe6+ Qxe6 39. Rxe6 1-0

[Event "Admiral Niels Juel Cup 2013"]
[Site "Koge"]
[Date "2013.04.26"]
[Round "9"]
[White "Thuesen, Mogens Henrik"]
[Black "Bjorn, Steen"]
[Result "1-0"]
[WhiteElo "2261"]
[BlackElo "1608"]
[PlyCount "47"]
[EventDate "2013.??.??"]
[EventCountry "DEN"]


1. e4 c5 2. Nc3 Nc6 3. Bb5 g6 4. Bxc6 dxc6 5. d3 Bg7 6. Nge2 Bg4 7. f3 Be6 8.
Be3 b6 9. Qd2 Nf6 10. O-O-O Nd7 11. Nf4 Bh6 12. Nxe6 Bxe3 13. Qxe3 fxe6 14. d4
Qc7 15. h4 O-O-O 16. h5 Nf6 17. hxg6 hxg6 18. Rxh8 Rxh8 19. dxc5 bxc5 20. Qxc5
Rh5 21. Qc4 Qf4+ 22. Kb1 Nd5 23. Qa6+ Kb8 24. exd5 1-0

[Event "Admiral Niels Juel Cup 2013"]
[Site "Koge"]
[Date "2013.04.26"]
[Round "9"]
[White "Brondum, Jan Kraul"]
[Black "Eriksson, Christian Altenburg"]
[Result "0-1"]
[WhiteElo "1585"]
[BlackElo "2173"]
[PlyCount "44"]
[EventDate "2013.??.??"]
[EventCountry "DEN"]


1. e4 c5 2. Nc3 Nc6 3. d3 g6 4. Nge2 Bg7 5. g3 d6 6. Bg2 e6 7. Be3 Nd4 8. Qd2
Ne7 9. f4 f5 10. O-O O-O 11. Rad1 Rb8 12. Bf2 Nec6 13. a3 Qe8 14. Qc1 b5 15.
Rfe1 b4 16. Nxd4 Nxd4 17. axb4 Rxb4 18. e5 dxe5 19. fxe5 Bb7 20. Nb1 Bxg2 21.
Bxd4 Bh3 22. Bxc5 Qc6 0-1

[Event "Admiral Niels Juel Cup 2013"]
[Site "Koge"]
[Date "2013.04.26"]
[Round "9"]
[White "Anghel, Mihai Ursta"]
[Black "Schmidt, Horst Hubert"]
[Result "1-0"]
[WhiteElo "1643"]
[BlackElo "1841"]
[PlyCount "63"]
[EventDate "2013.??.??"]
[EventCountry "DEN"]


1. e4 e6 2. Nf3 c5 3. c3 Nf6 4. e5 Nd5 5. d4 cxd4 6. cxd4 Bb4+ 7. Bd2 Nc6 8. a3
Qa5 9. Bxb4 Ncxb4 10. Nbd2 Nc6 11. Be2 O-O 12. O-O Nf4 13. Nc4 Qd5 14. Ne3
Nxe2+ 15. Qxe2 Nxd4 16. Nxd4 Qxd4 17. Nc4 b5 18. Nd6 f6 19. Nxc8 Raxc8 20. exf6
Qxf6 21. Qxb5 Rc2 22. f3 Qd4+ 23. Kh1 Qd2 24. Rg1 Rxb2 25. Qc5 Rf5 26. Qxa7 Qf4
27. Qxd7 Re2 28. a4 h6 29. a5 Rd5 30. Qe8+ Kh7 31. a6 Rdd2 32. a7 1-0

[Event "Admiral Niels Juel Cup 2013"]
[Site "Koge"]
[Date "2013.04.26"]
[Round "9"]
[White "Petersen, Henry"]
[Black "Stuhr, Peter Sebastian"]
[Result "0-1"]
[WhiteElo "1159"]
[BlackElo "1941"]
[PlyCount "54"]
[EventDate "2013.??.??"]
[EventCountry "DEN"]


1. e4 d6 2. d4 Nf6 3. Nc3 Nbd7 4. f4 e5 5. Nf3 exd4 6. Nxd4 c6 7. Bd3 Qc7 8.
Qe2 Be7 9. Nf5 g6 10. Nxe7 Kxe7 11. Bd2 a5 12. O-O h6 13. Rae1 Re8 14. e5 Kf8
15. exd6 Rxe2 16. dxc7 Rxd2 17. Nb1 Rxd3 18. cxd3 Nc5 19. d4 Na6 20. Re5 Nxc7
21. Rfe1 Be6 22. a3 Nb5 23. Rd1 Nd6 24. Nc3 Nc4 25. Re2 Bg4 26. Rde1 Bxe2 27.
Rxe2 Nd5 0-1

[Event "Admiral Niels Juel Cup 2013"]
[Site "Koge"]
[Date "2013.04.27"]
[Round "10"]
[White "Sokolov, Ivan"]
[Black "Gleizerov, Evgeny"]
[Result "1-0"]
[WhiteElo "2643"]
[BlackElo "2546"]
[PlyCount "107"]
[EventDate "2013.??.??"]
[EventCountry "DEN"]


1. Nf3 d5 2. d4 c5 3. g3 cxd4 4. Bg2 Qa5+ 5. Kf1 Nf6 6. Nxd4 e6 7. Nb3 Qa6 8.
Nc3 Be7 9. a4 Bd7 10. Bf4 O-O 11. Kg1 Rc8 12. e3 Qb6 13. g4 Qd8 14. Bg3 Nc6 15.
h4 Nb4 16. Qe2 Qb6 17. g5 Ne8 18. e4 dxe4 19. Rd1 Rd8 20. a5 Qa6 21. Qxa6 Nxa6
22. Nxe4 Bc6 23. Kh2 Rxd1 24. Rxd1 Rd8 25. Nd4 Bd5 26. c3 Nac7 27. b4 Kf8 28.
Rb1 Nd6 29. Nc5 b6 30. axb6 axb6 31. Bxd5 bxc5 32. Nc6 Rd7 33. bxc5 exd5 34.
Nxe7 Nde8 35. Nf5 Ne6 36. Nd6 Rd8 37. Rb5 g6 38. Kg2 Ra8 39. Be5 Rd8 40. f4 Ra8
41. Kf3 Rd8 42. Ra5 Kg8 43. Ke3 Kf8 44. Kf3 Kg8 45. Nxe8 Rxe8 46. Ke3 Rc8 47.
Bd6 Kg7 48. Kd3 h6 49. c4 dxc4+ 50. Kxc4 hxg5 51. hxg5 Nd8 52. Kd5 Nc6 53. Rb5
Nd8 54. Rb8 1-0

[Event "Admiral Niels Juel Cup 2013"]
[Site "Koge"]
[Date "2013.04.27"]
[Round "10"]
[White "Danin, Alexandre"]
[Black "Epishin, Vladimir"]
[Result "1/2-1/2"]
[WhiteElo "2575"]
[BlackElo "2612"]
[PlyCount "20"]
[EventDate "2013.??.??"]
[EventCountry "DEN"]


1. e4 c6 2. d4 d5 3. exd5 cxd5 4. Bd3 Nc6 5. c3 Qc7 6. h3 Nf6 7. Nf3 g6 8. O-O
Bg7 9. Re1 O-O 10. Bg5 Bf5 1/2-1/2

[Event "Admiral Niels Juel Cup 2013"]
[Site "Koge"]
[Date "2013.04.27"]
[Round "10"]
[White "Rozentalis, Eduardas"]
[Black "Satyapragyan, Swayangsu"]
[Result "0-1"]
[WhiteElo "2631"]
[BlackElo "2463"]
[PlyCount "100"]
[EventDate "2013.??.??"]
[EventCountry "DEN"]


1. e4 e6 2. d4 d5 3. Nd2 Nf6 4. e5 Nfd7 5. Bd3 c5 6. c3 Nc6 7. Ne2 cxd4 8. cxd4
f6 9. exf6 Nxf6 10. Nf3 Bd6 11. O-O Qc7 12. Bd2 O-O 13. Rc1 Bd7 14. Bc3 Rae8
15. Ng3 Bf4 16. Rc2 Qd6 17. Bb5 Ne4 18. Nh5 Bh6 19. Bxc6 Bxc6 20. Ne5 Ba4 21.
b3 Bb5 22. Re1 Rc8 23. Ng4 Bg5 24. Bb2 Rxc2 25. Qxc2 Qb4 26. Qd1 Qd2 27. Qxd2
Bxd2 28. Ra1 Nxf2 29. Nhf6+ gxf6 30. Kxf2 Rc8 31. a4 Ba6 32. Ne3 Bxe3+ 33. Kxe3
Rc2 34. Ba3 Rxg2 35. Bd6 Re2+ 36. Kf3 Rc2 37. b4 Bc4 38. a5 Kf7 39. Re1 Bd3 40.
Ra1 a6 41. Ra3 Be4+ 42. Ke3 e5 43. b5 Ke6 44. bxa6 bxa6 45. Bc5 Rxh2 46. Ra4
Rh3+ 47. Kf2 Bd3 48. Ra3 e4 49. Rb3 Rf3+ 50. Ke1 Kf5 0-1

[Event "Admiral Niels Juel Cup 2013"]
[Site "Koge"]
[Date "2013.04.27"]
[Round "10"]
[White "Pavlovic, Milos"]
[Black "Burmakin, Vladimir"]
[Result "1/2-1/2"]
[WhiteElo "2509"]
[BlackElo "2580"]
[PlyCount "91"]
[EventDate "2013.??.??"]
[EventCountry "DEN"]


1. e4 c6 2. d4 d5 3. Nd2 dxe4 4. Nxe4 Nd7 5. Ng5 Ngf6 6. Bd3 e6 7. N1f3 Bd6 8.
Qe2 h6 9. Ne4 Nxe4 10. Qxe4 Nf6 11. Qe2 Qc7 12. Bd2 b6 13. O-O-O Bb7 14. Kb1
O-O-O 15. c4 c5 16. Bc3 Rhe8 17. Rhe1 Kb8 18. Bc2 Ka8 19. dxc5 Bxc5 20. Ne5 Rd6
21. Rxd6 Bxd6 22. f4 Rc8 23. Rd1 Ne8 24. f5 f6 25. Ng4 exf5 26. Bxf5 Qxc4 27.
Qxc4 Rxc4 28. Ne3 Rf4 29. Bd7 Re4 30. Bxe8 Rxe3 31. Rxd6 Rxe8 32. Rd7 Bxg2 33.
Rxg7 Re2 34. Rg8+ Kb7 35. Rg7+ Kc6 36. Bxf6 Be4+ 37. Kc1 Rc2+ 38. Kd1 Rxh2 39.
Rxa7 h5 40. Ke1 Bf3 41. Ra3 Bd5 42. Ra4 Rg2 43. Rh4 Bf3 44. Rf4 Bg4 45. a4 Be6
46. Bd4 1/2-1/2

[Event "Admiral Niels Juel Cup 2013"]
[Site "Koge"]
[Date "2013.04.27"]
[Round "10"]
[White "Roy Chowdhury, Saptarshi"]
[Black "Strange, Mikkel"]
[Result "1-0"]
[WhiteElo "2471"]
[BlackElo "2335"]
[PlyCount "65"]
[EventDate "2013.??.??"]
[EventCountry "DEN"]


1. e4 e6 2. Qe2 Be7 3. Nf3 d5 4. d3 Nf6 5. g3 b6 6. e5 Nfd7 7. Bg2 c5 8. O-O
Nc6 9. h4 Bb7 10. c3 Qc7 11. Bf4 h6 12. Re1 O-O-O 13. d4 Rdg8 14. h5 g6 15.
hxg6 fxg6 16. Be3 g5 17. Na3 g4 18. Nd2 h5 19. Nb5 Qd8 20. c4 cxd4 21. cxd5
dxe3 22. dxc6 exf2+ 23. Qxf2 Bc5 24. cxb7+ Kb8 25. Nd4 Nxe5 26. N2b3 Nf3+ 27.
Bxf3 gxf3 28. Nc6+ Kc7 29. Nxc5 Kxc6 30. Qxf3+ Kxc5 31. Re5+ Kd6 32. Rd1+ Kxe5
33. Qf4# 1-0

[Event "Admiral Niels Juel Cup 2013"]
[Site "Koge"]
[Date "2013.04.27"]
[Round "10"]
[White "Narciso Dublan, Marc"]
[Black "Prosviriakov, Vladimir"]
[Result "1-0"]
[WhiteElo "2551"]
[BlackElo "2304"]
[PlyCount "105"]
[EventDate "2013.??.??"]
[EventCountry "DEN"]


1. e4 g6 2. d4 c5 3. dxc5 Qa5+ 4. c3 Qxc5 5. Na3 Bg7 6. Nf3 Nf6 7. Nb5 b6 8.
Qd4 Na6 9. Qxc5 bxc5 10. Nd2 Bb7 11. f3 O-O 12. Nb3 Ne8 13. Na5 Bc8 14. Bg5 Bf6
15. Bh6 Bg7 16. Bg5 Bf6 17. Bxf6 Nxf6 18. O-O-O d6 19. Nxd6 exd6 20. Bxa6 Bxa6
21. Rxd6 Nxe4 22. Rxa6 Nf2 23. Rf1 Nd3+ 24. Kc2 Rfd8 25. Nc4 Nf4 26. g3 Ne6 27.
f4 Rd7 28. Rd1 Rxd1 29. Kxd1 Rd8+ 30. Kc2 Rd7 31. Ne5 Rc7 32. a4 Kf8 33. Nc4
Ke7 34. Nd6 c4 35. Nb5 Rb7 36. Rxa7 Rxa7 37. Nxa7 Kd6 38. Nb5+ Kd5 39. a5 Nc5
40. Nd4 Ke4 41. Kd2 h5 42. Ke2 h4 43. Nc6 hxg3 44. hxg3 Kd5 45. Ne5 f6 46. Nxg6
Na4 47. a6 Kc6 48. Ne7+ Kb6 49. Nd5+ Kxa6 50. Nxf6 Nxb2 51. Ke3 Na4 52. Kd4 Kb5
53. Ne4 1-0

[Event "Admiral Niels Juel Cup 2013"]
[Site "Koge"]
[Date "2013.04.27"]
[Round "10"]
[White "Rosenkilde, Alexander"]
[Black "Pedersen, Nicolai Vesterbaek"]
[Result "1/2-1/2"]
[WhiteElo "2247"]
[BlackElo "2413"]
[PlyCount "91"]
[EventDate "2013.??.??"]
[EventCountry "DEN"]


1. d4 Nf6 2. c4 e6 3. g3 d5 4. Nf3 Bb4+ 5. Bd2 Be7 6. Bg2 O-O 7. Qc2 c6 8. O-O
b6 9. Bf4 Bb7 10. Rd1 Nbd7 11. Nc3 dxc4 12. Nd2 Nd5 13. Nxc4 Nxf4 14. gxf4 Qc7
15. e3 Rad8 16. Rac1 c5 17. d5 exd5 18. Nxd5 Bxd5 19. Bxd5 b5 20. Nd2 Nb6 21.
Bg2 c4 22. Ne4 a6 23. Rxd8 Rxd8 24. Rd1 a5 25. Nc3 Rxd1+ 26. Qxd1 b4 27. Nd5
Nxd5 28. Bxd5 c3 29. bxc3 bxc3 30. Bb3 Qc6 31. Qd3 g6 32. Bc2 Kg7 33. Qe4 Qc5
34. Bb3 Qc7 35. Kg2 Bf6 36. h3 h6 37. Kf3 Qd7 38. Kg2 Qc7 39. Kf3 Qd7 40. Kg2
h5 41. Qc4 Kh6 42. Qe4 Kg7 43. Qc4 Kh6 44. Qe4 Kg7 45. Qc4 Kh6 46. Qe4 1/2-1/2